| 000 | 00707nam a2200193Ia 4500 | ||
|---|---|---|---|
| 005 | 20251020182549.0 | ||
| 008 | 200515s9999 xx 000 0 und d | ||
| 082 | _aG8.2.05/C1/651 | ||
| 110 | _aColegio de Ingenieros del Perú | ||
| 245 | 0 | _aLa rehabilitación y el mantenimiento de las carreteras del Perú ,Parte 2 | |
| 260 | _aLima | ||
| 260 | _c1992 | ||
| 300 | _a533 | ||
| 520 | _aImportancia de la base y el suelo en los pavimentos, experiencias de carreteras en EEUU, concreto rodillado en pavimentos, técnicas de productos, panorama de la ingeniería peruana y el programa de rehabilitación de carreteras | ||
| 650 | _aCARRETERAS | ||
| 650 | _aLIB | ||
| 650 | _aPAVIMENTOS | ||
| 942 | _cLIB | ||
| 999 |
_c2669 _d2669 |
||